000 00599nam a2200193Ia 4500
005 20250508155640.0
008 008 250505s9999 xx 000 0 eng d
037 _aTextual
040 _aFEDL
_beng
_cFEDL
041 _aeng
_2eng
084 _a371.26, HAR
_qFEDL
100 _aHarper A Edwin
_9767199
245 0 _aInterpreting test profiles : A programmed text book
260 _aAllahabad, India
_bBureau of Educational Research
_c1963
300 _a40p.
650 _aEducational - Tests and Measurements
_9758953
942 _cTEXL
_h371.26, HAR
999 _c1358506
_d1358506